000 00324 a2200157 4500
001 58508
020 _a
040 _cAnchieta - Pituba
100 _aMarchetti, Antônio
240 1 0 _aBaleiro, balas
_lpor
245 1 0 _aBaleiro, balas
300 _a156
362 0 _a1988
650 4 _aFicção brasileira
942 _cBK
999 _c58508
_d58508